000 00584nam a2200217Ia 4500
003 GCL
008 140319s9999 xx 000 0 eng d
040 _aGCL /
_cGCL
082 0 4 _a306.85
_bB H
100 1 _aBURGUIERE, ANDRE
245 1 0 _aHISTOIE DE LA FAMILLE: 3. LE CHOC DES MODERNITES /
_cBURGUIERE, ANDRE
700 1 _aKLAPISCH-ZUBER, CHRISTIANE
700 1 _aSEGALEN, MARTINE
700 1 _aZONABEND, FRANCOISE
260 _a[S.N] :
_bARMAND COLIN ،
_c1986
300 _a736 P
650 0 4 _aFAMILY HISTORY
650 0 4 _aHISTORY
650 0 4 _aFAMILY
942 _2ddc
_cBK
999 _c12731
_d12731